[Event "Barcelona Sant Marti op-B 20th"]
[Site "Barcelona"]
[Date "2018.07.21"]
[Round "9"]
[White "Peter, Louis Alexis"]
[Black "Valero Recalde, Pablo"]
[Result "1/2-1/2"]
[WhiteElo "1558"]
[BlackElo "1715"]
[PlyCount "45"]
[EventDate "2018.07.13"]
[EventType "swiss"]
[EventRounds "9"]
[EventCountry "ESP"]
[SourceTitle "EXT 2019"]
[Source "ChessBase"]
[SourceDate "2018.10.10"]
[SourceVersion "1"]
[SourceVersionDate "2018.10.10"]
[SourceQuality "1"]

1. b3 d6 2. Bb2 Nf6 3. Bxf6 exf6 4. c4 Be7 5. Nf3 0-0 6. e3 Bf5 7. Nc3 h6 8. d4 Nd7 9. Bd3 Bxd3 10. Qxd3 Re8 11. 0-0 Bf8 12. Rfe1 g6 13. Rad1 Bg7 14. e4 a6 15. Re2 Nf8 16. g3 Ne6 17. Nh4 c6 18. f4 c5 19. d5 Nd4 20. Ree1 Qd7 21. Ne2 f5 22. exf5 Nxf5 23. Rf1 1/2-1/2

[Event "Barcelona Sant Marti op-B 20th"]
[Site "Barcelona"]
[Date "2018.07.15"]
[Round "3"]
[White "Peter, Louis Alexis"]
[Black "Serentill Tost, Eduard"]
[Result "1-0"]
[WhiteElo "1558"]
[BlackElo "1745"]
[PlyCount "47"]
[EventDate "2018.07.13"]
[EventType "swiss"]
[EventRounds "9"]
[EventCountry "ESP"]
[SourceTitle "EXT 2019"]
[Source "ChessBase"]
[SourceDate "2018.10.10"]
[SourceVersion "1"]
[SourceVersionDate "2018.10.10"]
[SourceQuality "1"]

1. e4 e6 2. d4 d5 3. Nd2 Nf6 4. e5 Nfd7 5. Ngf3 c5 6. c3 Nc6 7. Bd3 Qb6 8. 0-0 cxd4 9. cxd4 Nxd4 10. Nxd4 Qxd4 11. Nf3 Qb6 12. Qa4 Be7 13. Qg4 Kf8 14. Rb1 Nc5 15. Be3 Qd8 16. Bc2 b6 17. b4 Nd7 18. Ba4 Bb7 19. Rfc1 a5 20. Bxd7 Qxd7 21. Bxb6 Bd8 22. bxa5 Rc8 23. Bxd8 Rxd8 24. Qb4+ 1-0